| 000 | 01008cam a2200265 a 4500 | ||
|---|---|---|---|
| 001 | 11792704 | ||
| 003 | GBCCL | ||
| 005 | 20241126110420.0 | ||
| 008 | 990921s1999 cau b 000 0 eng | ||
| 010 | _a 99049020 | ||
| 020 | _a0830718559 (hc) | ||
| 020 | _a0830718605 (trade) | ||
| 040 |
_aDLC _cDLC _dDLC |
||
| 050 | 0 | 0 |
_aBV652.1 _b.B362 1999 |
| 082 | 0 | 0 |
_a253 _221 _bBAR |
| 100 | 1 |
_aBarna, George. _91012 |
|
| 245 | 1 | 4 |
_aThe habits of highly effective churches : _bbeing strategic in your God-given ministry / _cGeorge Barna. |
| 260 |
_aVentura, Calif. : _bRegal Books, _cc1999. |
||
| 300 |
_a194 p. ; _c23 cm. |
||
| 504 | _aIncludes bibliographical references (p. [189]-191. | ||
| 650 | 0 |
_aChristian leadership. _91568 |
|
| 906 |
_a7 _bcbc _corignew _d1 _eocip _f19 _gy-gencatlg |
||
| 942 |
_2ddc _cBK _024 |
||
| 999 |
_c2156 _d2156 |
||